000
00295nam a2200109Ia 4500
008
220204s9999 xx 000 0 und d
082
_a
338.45(058)(547.1MAH)
_b
DIR
245
0
_a
Directory of Bombay-Thane industrial estates
250
_a
Ed.2
260
_a
Bombay
_b
Media Agency
_c
1990
942
_c
BK
999
_c
40289
_d
40289